000 00462pab a2200181 454500
008 180718b1997 xxu||||| |||| 00| 0 eng d
100 _aBanerjee, Monica
245 _aWomen entrepreneurs in Assam: a profile
260 _c1997
300 _ap.679-84
362 _aJan-Mar
650 _aEntrepreneurs - India
650 _aWomen in business - India
650 _aWomen in business
700 _aTalukdar, R.K.
773 _aProductivity
909 _a35231
999 _c35231
_d35231